Fußballspieler nach Stationen - Ozeanien - Statistiken

Allgemein
  • Dieses Quiz wurde 12 mal gespielt
  • Das Durchschnittsergebnis liegt bei 4 aus 20
Antwortstatistiken
aktive Profi-Jahre Vereine Spieler % Korrekt
1996-2014 Leeds United, FC Liverpool, Galatasaray Istanbul, Melbourne Victory, al-Gharafa Sports Club, Melbourne Heart Harry Kewell
43%
2007- Bulleen Lions, Adelaide United, Borussia Mönchengladbach, FSV Frankfurt, FC Ingolstadt 04, Hertha BSC, Melbourne City FC Mathew Leckie
43%
2007- Melbourne Victory, South Melbourne FC, Melbourne Victory, Borussia Dortmund, VfB Stuttgart, UD Levante, Nagoya Grampus, Melbourne Victory Mitchell Langerak
43%
1996-2019 Sydney United, FC Millwall, FC Everton, New York Red Bulls, Shanghai Shenhua, Hangzhou Nabel Greentown, Melbourne City FC, FC Millwall, Jamshedpur FC Tim Cahill
43%
1980-2002 Stop Out SC, Wellington Diamond United, Norwich City, Miramar Rangers, FC Zürich, FC Aarau, Grasshoppers Zürich, Werder Bremen, JEF United Ichihara, 1. FC Kaiserslautern, Central United, North Shore United, Football Kingz Wynton Rufer
43%
1990-2016 Marconi Fairfield, Dynamo Dresden, 1. FC Kaiserslautern, Bradford City, FC Middlesbrough, FC Fulham, FC Chelsea, Leicester City Mark Schwarzer
29%
1996-2014 Sydney Olympic, Feyenoord Rotterdam, Blackburn Rovers, FC Sydney Brett Emerton
14%
1983-1999 Canberra City, Sydney City, Marconi Stallions, FC Brügge, Bari, Notts County, Straßburg, OSC Lille, Brisbane Strikers, Marconi Stallions Frank Farina
14%
1994-2016 Waitakere City FC, Central United, The Football Kingz, Roda JC Kerkrade, RKC Waalwijk, Auckland City FC, FC Shenzhen, Auckland City FC Ivan Vicelich
14%
1989-2003, 2008-2009 Sydney Croatia, Manchester United, Sydney United, Aston Villa, Manchester United, FC Chelsea, Central Coast Mariners, Sydney Olympic Mark Bosnich
14%
1993-2009 Melbourne Knights, Croatia Zagreb, Celtic Glasgow, Leeds United, FC Middlesbrough, Newcastle United Mark Viduka
14%
1991-2009 West Adelaide, BSC Young Boysm Yverdon-Sport FC, Bristol City, TSV 1860 München, Adelaide United Paul Agostino
14%
2006- Labasa FC, Waitakere United, Auckland City FC, Wellington Phoenix, ATK, Mohun Bagan SG, Bengaluru FC, Odisha FC Roy Krishna
14%
1995-2013 Christchurch United, D.C. United, Blackburn Rovers, Tottenham Hotspur, Queens Park Rangers Ryan Nelsen
14%
1996-2019 Wollongong FC, FC Basel, Tarrawanna Blueys, FC Aesch, FC Möhlin-Riburg/ACLI, Bellambi FC Scott Chipperfield
14%
2011- Waterside Karori, Hekari United FC, Solomon Warriors FC, Hekari United FC, Amicale FC, Solomon Warriors FC, Erakor Golden Star, Tasman United, Lautoka FC, Tasman United, Auckland City FC, FK Beograd, Central Coast Mariners Brian Kaltak
0%
2008- Waikato FC, West Bromwich Albion, FC Barnsley, Brighton & Hove Albion,Birmingham City, Bristol City, FC Millwall, Leicester CityIpswich Town, Leeds United, FC Burnley, Newcastle United, Nottingham Forest Chris Wood
0%
1998-2020 FC Nantes, OGC Nizza, FC Lorient, AS Nancy, AS Monaco, Panthrakikos Komotini, AS Pirae, AS Temanava, AS Dragon Marama Vahirua
0%
2009- Blacktown City Demons, Central Coast Mariners, FC Brügge, FC Valencia, KRC Genk, Brighton & Hove Albion, FC Arsenal, Real Sociedad San Sebastián, FC Kopenhagen, AZ Alkmaar, AS Rom, RC Lens Mathew Ryan
0%
2005-2021 FC Midtjylland, West Ham United, Sporting Kansas City, FC Brentford Winston Reid
0%
Keine übereinstimmenden Quizze gefunden
Verteilung der Resultate
Anzahl Personen mit jedem Resultat
Perzentil nach korrekt beantworteten Fragen
Ihre Resultats-Entwicklung
Sie haben dieses Quiz noch nicht gespielt